000 00367nam a2200121 4500
999 _c13557
_d13557
008 190328b ||||| |||| 00| 0 eng d
100 _937842
_aLee-Brago, Pia
245 _aEU urges Asean to accede to cybercrime treaty/
_cPia Lee-Brago
260 _aPhilippines
_bThe Philippine Star
_cc2018
300 _apage 8.
650 0 _937843
_aCrimes- Cyber.
942 _2ddc
_cPER